[Event "IND-ch U17 25th"]
[Site "Bihar"]
[Date "2014.12.03"]
[Round "2"]
[White "Eashwar, M."]
[Black "Arka, Sengupta"]
[Result "1/2-1/2"]
[WhiteElo "1963"]
[BlackElo "1786"]
[PlyCount "40"]
[EventDate "2014.12.02"]
[EventType "swiss"]
[EventRounds "11"]
[EventCountry "IND"]
[SourceTitle "EXT 2016"]
[Source "ChessBase"]
[SourceDate "2015.10.08"]
[SourceVersion "1"]
[SourceVersionDate "2015.10.08"]
[SourceQuality "1"]

1. d4 Nf6 2. c4 e6 3. Nc3 Bb4 4. e3 0-0 5. Nge2 d5 6. a3 Bxc3+ 7. Nxc3 Nbd7 8. cxd5 exd5 9. Bd3 c6 10. 0-0 Re8 11. f3 Nf8 12. Bc2 Qb6 13. b4 a5 14. Rb1 axb4 15. axb4 Qc7 16. e4 dxe4 17. fxe4 Bg4 18. Qd3 Rad8 19. Be3 Bh5 20. Qc4 Ne6 1/2-1/2

[Event "IND-ch U19 44th"]
[Site "Mumbai"]
[Date "2014.07.11"]
[Round "2"]
[White "Eashwar, M."]
[Black "Harsha, Bharathakoti"]
[Result "0-1"]
[WhiteElo "1906"]
[BlackElo "2269"]
[PlyCount "44"]
[EventDate "2014.07.10"]
[EventType "swiss"]
[EventRounds "11"]
[EventCountry "IND"]
[SourceTitle "EXT 2016"]
[Source "ChessBase"]
[SourceDate "2015.10.08"]
[SourceVersion "1"]
[SourceVersionDate "2015.10.08"]
[SourceQuality "1"]

1. d4 Nf6 2. c4 g6 3. Nf3 Bg7 4. Nc3 d5 5. Bf4 0-0 6. Rc1 c5 7. dxc5 Qa5 8. cxd5 Na6 9. Bd2 Qxc5 10. Qb3 Rd8 11. e4 e6 12. Bc4 exd5 13. exd5 Re8+ 14. Ne2 Ne4 15. Be3 Qa5+ 16. Nd2 Bd7 17. Qc2 Nb4 18. Qb1 Bf5 19. Qa1 Nxd2 20. Bxd2 Bd3 21. 0-0 Bxe2 22. Rfe1 Bxc4 0-1

[Event "Chennai op 5th"]
[Site "Chennai"]
[Date "2013.01.18"]
[Round "5"]
[White "Ramnathan, Balasubramaniam"]
[Black "Eashwar, M."]
[Result "1-0"]
[WhiteElo "2260"]
[BlackElo "1929"]
[PlyCount "61"]
[EventDate "2013.01.16"]
[EventType "swiss"]
[EventRounds "11"]
[EventCountry "IND"]
[SourceTitle "CBM 152 Extra"]
[Source "ChessBase"]
[SourceDate "2013.02.25"]
[SourceVersion "1"]
[SourceVersionDate "2013.02.25"]
[SourceQuality "1"]

1. d4 Nf6 2. Nf3 e6 3. c4 Bb4+ 4. Bd2 Qe7 5. a3 Bxd2+ 6. Nbxd2 d5 7. g3 b6 8. Bg2 Bb7 9. 0-0 0-0 10. Rc1 Na6 11. Ne5 c5 12. dxc5 bxc5 13. Qc2 d4 14. Bxb7 Qxb7 15. Rb1 Nd7 16. Nxd7 Qxd7 17. Nf3 f6 18. b4 e5 19. b5 Nc7 20. a4 Qd6 21. Qe4 Rae8 22. a5 f5 23. Qb7 e4 24. Nd2 Rf7 25. Nb3 Ne6 26. Qd5 Qf8 27. b6 f4 28. b7 f3 29. exf3 Rf5 30. Qc6 Ng5 31. Nd2 1-0